000 00504nam a2200181 i 4500
001 148349
003 ES-MaACL
005 20251013232521.0
007 t|
008 070214s1944 mx |||| |bspa d
100 1 _aStrachey, Lytton.
_9108356
245 1 3 _aLa reina Victoria /
_cLytton Strachey.
260 _aMéxico :
_bNueva España,
_c1944.
300 _a370 p. ;
_c17 cm.
600 0 4 _aVictoria
_bI,
_cReina de Gran Bretaña
_9114401
852 _aES-MaACL
_jE-9326
999 _c148349
_d148349